[Event "3. Arber-Open 2014"]
[Site "Bayerisch Eisenstein"]
[Date "2014.08.22"]
[Round "7.17"]
[White "Zellner, Richard"]
[Black "Schröder, Stefan"]
[Result "1-0"]
[WhiteElo "2143"]
[BlackElo "1845"]
[PlyCount "65"]
[EventDate "2014.??.??"]
[WhiteTeam "SG Schw München N"]
[BlackTeam "Airbus Helicopters SG"]

1. Nf3 Nf6 2. c4 e6 3. Nc3 d5 4. d4 Bb4 5. e3 Nbd7 6. Bd3 O-O 7. O-O dxc4 8.
Bxc4 c6 9. Qe2 Qc7 10. Bd2 e5 11. Rac1 exd4 12. exd4 Bxc3 13. bxc3 Nb6 14. Bb3
Re8 15. Ne5 Be6 16. Qf3 a5 17. c4 a4 18. Bd1 Nbd7 19. Bf4 Qb6 20. Qd3 Red8 21.
Rb1 Qa6 22. Rb4 Nxe5 23. Bxe5 b5 24. Bxf6 gxf6 25. d5 cxd5 26. cxb5 Qd6 27.
Rxa4 d4 28. Rxa8 Rxa8 29. a4 Qb4 30. Bc2 f5 31. Rb1 Qc5 32. b6 Rb8 33. Qg3+ 1-0

[Event "3. Arber-Open 2014"]
[Site "Bayerisch Eisenstein"]
[Date "2014.08.22"]
[Round "7.18"]
[White "Stutz, Robert"]
[Black "Desoye, Gernot"]
[Result "0-1"]
[WhiteElo "1830"]
[BlackElo "1941"]
[PlyCount "68"]
[EventDate "2014.??.??"]
[WhiteTeam "TSV Grossmehring"]
[BlackTeam "SF Graz"]

1. e4 c5 2. c4 Nc6 3. Nc3 d6 4. g3 g6 5. Bg2 Bg7 6. Nge2 e6 7. d3 Nge7 8. Be3
a6 9. Qd2 Nd4 10. O-O Nec6 11. f4 f5 12. exf5 gxf5 13. Rfe1 Bd7 14. Bf2 O-O 15.
Kh1 Qc7 16. Rac1 Rae8 17. Ng1 Ne7 18. Nce2 Nec6 19. Nf3 Re7 20. Nexd4 Nxd4 21.
Nxd4 cxd4 22. b4 Bc6 23. b5 Bxg2+ 24. Kxg2 Qc5 25. a4 e5 26. fxe5 dxe5 27. Re2
e4 28. Be1 e3 29. Qb2 Qe5 30. Bb4 f4 31. Rf1 f3+ 32. Rxf3 Rxf3 33. Kxf3 Qf5+
34. Kg2 Rf7 0-1

[Event "3. Arber-Open 2014"]
[Site "Bayerisch Eisenstein"]
[Date "2014.08.22"]
[Round "7.19"]
[White "Weidenhöfer, Robert"]
[Black "Pingitzer, Guenther"]
[Result "0-1"]
[WhiteElo "1718"]
[BlackElo "1880"]
[PlyCount "112"]
[EventDate "2014.??.??"]
[WhiteTeam "SW Nürnberg Süd e.V."]
[BlackTeam "_Österrreich_"]

1. b3 d5 2. Bb2 c5 3. Nf3 Nc6 4. g3 Bf5 5. Bg2 e6 6. O-O Nf6 7. d3 Qc7 8. Nc3
a6 9. d4 h6 10. Na4 b6 11. Rc1 c4 12. bxc4 dxc4 13. Ne5 Be4 14. f3 Bh7 15. Nc3
Rd8 16. Nxc6 Qxc6 17. e3 b5 18. Ne2 Nd5 19. f4 Qd7 20. Qd2 f5 21. Kf2 Rc8 22.
Qa5 Bb4 23. Qxa6 O-O 24. Bxd5 Qxd5 25. Nc3 Bxc3 26. Bxc3 Ra8 27. Qb6 Rxa2 28.
Qc5 Qe4 29. Bb4 Rfa8 30. Kg1 Bg6 31. Qe5 R8a4 32. Qxe4 fxe4 33. c3 Bh5 34. Rf2
Rxf2 35. Kxf2 Ra2+ 36. Kg1 Bf3 37. Rb1 Rg2+ 38. Kf1 Rxh2 39. Re1 Rg2 40. f5
exf5 41. Bd6 Rh2 42. Kg1 Rc2 43. Rb1 Rxc3 44. Rxb5 Rxe3 45. Rb8+ Kf7 46. Rf8+
Ke6 47. Bc5 Re1+ 48. Kf2 Re2+ 49. Kf1 c3 50. Re8+ Kd5 51. Re5+ Kc4 52. Ba7 c2
53. Rc5+ Kd3 54. d5 e3 55. d6 Rd2 56. Rd5+ Bxd5 0-1

[Event "3. Arber-Open 2014"]
[Site "Bayerisch Eisenstein"]
[Date "2014.08.22"]
[Round "7.20"]
[White "Forgach, Andreas"]
[Black "Kronschnabl, Matthias"]
[Result "1/2-1/2"]
[WhiteElo "1909"]
[BlackElo "1300"]
[PlyCount "49"]
[EventDate "2014.??.??"]
[WhiteTeam "Kasseler SK 1876"]
[BlackTeam "SC Bayerwald"]

1. e4 e5 2. Nf3 Nc6 3. Bb5 Nf6 4. O-O Nxe4 5. Re1 Nc5 6. d4 Na6 7. Nxe5 Nxe5 8.
Rxe5+ Be7 9. Qe2 c6 10. Bd3 d5 11. Nc3 Nc7 12. Bd2 Be6 13. Qh5 Qd7 14. Bg5
O-O-O 15. Bxe7 Qxe7 16. a3 g6 17. Qe2 Ne8 18. Re1 Ng7 19. f4 Qd7 20. Na4 Qd6
21. Nc5 Rhe8 22. Qd2 Re7 23. Qa5 b6 24. Qa6+ Kb8 25. Nxe6 1/2-1/2

[Event "3. Arber-Open 2014"]
[Site "Bayerisch Eisenstein"]
[Date "2014.08.22"]
[Round "7.22"]
[White "Bergmann, Reiner"]
[Black "Fuchs, Benno"]
[Result "1/2-1/2"]
[WhiteElo "1851"]
[BlackElo "1790"]
[PlyCount "70"]
[EventDate "2014.??.??"]
[WhiteTeam "SC Bayerwald"]
[BlackTeam "SF Botv. Steinsfurt"]

1. e4 c5 2. Nf3 a6 3. c3 d6 4. d4 Nf6 5. Bd3 g6 6. Be3 Bg7 7. dxc5 dxc5 8. Bxc5
Nc6 9. h3 O-O 10. Be3 Qc7 11. Qe2 b6 12. Nbd2 b5 13. O-O Bb7 14. Rac1 Rfd8 15.
Rfd1 Nd7 16. Nd4 Nce5 17. Bb1 Nc4 18. Nxc4 bxc4 19. Nf3 Rac8 20. Bc2 Qb8 21.
Bd4 Bh6 22. Rb1 Nc5 23. Bxc5 Rxc5 24. Rxd8+ Qxd8 25. Rd1 Qb6 26. Rb1 Qa5 27. b4
cxb3 28. Rxb3 Qc7 29. Qd3 Bg7 30. c4 Bc8 31. Nd2 Bh6 32. Rc3 Bxd2 33. Qxd2 Rxc4
34. Rxc4 Qxc4 35. Bb3 Qc7 1/2-1/2

[Event "3. Arber-Open 2014"]
[Site "Bayerisch Eisenstein"]
[Date "2014.08.22"]
[Round "7.23"]
[White "Fernandez-Alvarez, Raul"]
[Black "Drews, Rüdiger"]
[Result "1-0"]
[WhiteElo "1723"]
[BlackElo "1899"]
[PlyCount "113"]
[EventDate "2014.??.??"]
[WhiteTeam "SG Schw München Nord e.V."]
[BlackTeam "Mosbacher SC von 1931"]

1. e4 Nf6 2. Nc3 e5 3. Nf3 Nc6 4. Bb5 Bb4 5. O-O O-O 6. d3 Bxc3 7. bxc3 d6 8.
Bxc6 bxc6 9. h3 Qe7 10. Re1 Bd7 11. Be3 d5 12. Bg5 dxe4 13. Rxe4 Qc5 14. Bxf6
gxf6 15. Rh4 Bf5 16. Rc4 Qd5 17. Nh4 Bg6 18. Qf3 e4 19. Qxf6 exd3 20. Rd4 Qc5
21. Rg4 Qd6 22. Qxd6 cxd6 23. Nxg6 hxg6 24. cxd3 Rfb8 25. Rb4 a5 26. Rbb1 a4
27. Kf1 a3 28. Rb3 Rxb3 29. axb3 a2 30. Ke2 Ra3 31. Kd2 Ra5 32. Kc1 Kf8 33. Kb2
Ke7 34. Rxa2 Re5 35. Kc1 Rc5 36. Kd2 Rg5 37. g3 Rh5 38. h4 Re5 39. b4 f5 40.
Ra5 Re6 41. Ra1 Rf6 42. Re1+ Kd7 43. f4 Rf8 44. Kc2 Ra8 45. Kb3 Ra7 46. c4 Ra8
47. d4 Rb8 48. Re3 Rb7 49. Ka3 Rb8 50. Rb3 Ra8+ 51. Kb2 Re8 52. b5 cxb5 53.
cxb5 Kc7 54. Kc3 Re3+ 55. Kc4 d5+ 56. Kb4 Re1 57. Kc5 1-0

[Event "3. Arber-Open 2014"]
[Site "Bayerisch Eisenstein"]
[Date "2014.08.22"]
[Round "7.24"]
[White "Ranker, Klemens"]
[Black "Schumacher, Ralph"]
[Result "0-1"]
[WhiteElo "1925"]
[BlackElo "1606"]
[PlyCount "74"]
[EventDate "2014.??.??"]
[WhiteTeam "SC Hauptstuhl"]
[BlackTeam "SFB Steinsfurt"]

1. e4 d5 2. exd5 Qxd5 3. Nc3 Qa5 4. Bc4 Nf6 5. d3 c6 6. Bf4 Bf5 7. Nf3 Nbd7 8.
h3 e6 9. O-O Nd5 10. Bd2 Qc7 11. Ne2 Bd6 12. Ned4 Bg6 13. Re1 Ne5 14. Bxd5 cxd5
15. Bc3 a6 16. Nxe6 Nxf3+ 17. Qxf3 fxe6 18. Rxe6+ Be7 19. Bxg7 Rg8 20. Bc3
O-O-O 21. Bd4 Bc5 22. Bf6 Rde8 23. Rxe8+ Bxe8 24. Qxd5 Rf8 25. Bh4 Bd7 26. d4
Bd6 27. c4 Bc6 28. Qe6+ Bd7 29. Qe2 Rg8 30. Kf1 Bh2 31. Qd3 Rg7 32. b3 Qf4 33.
Qf3 Qxf3 34. gxf3 Rg1+ 35. Ke2 Rxa1 36. Ke3 Rxa2 37. f4 Bxh3 0-1

[Event "3. Arber-Open 2014"]
[Site "Bayerisch Eisenstein"]
[Date "2014.08.22"]
[Round "7.25"]
[White "Staudinger, Simon"]
[Black "Blank, Stefan"]
[Result "0-1"]
[WhiteElo "1616"]
[BlackElo "1838"]
[PlyCount "54"]
[EventDate "2014.??.??"]
[WhiteTeam "SC Sonnen 1986"]
[BlackTeam "SC Sulzbach"]

1. e4 c5 2. Nf3 d6 3. Bb5+ Bd7 4. Bxd7+ Nxd7 5. d4 cxd4 6. Nxd4 Ngf6 7. Nc3 Nc5
8. f3 Qb6 9. Qd2 g6 10. Nd5 Nxd5 11. exd5 Bg7 12. c3 O-O 13. O-O e5 14. dxe6
Nxe6 15. Rd1 Rfe8 16. Kh1 Nxd4 17. cxd4 Bxd4 18. g3 Bc5 19. a3 Qb3 20. Kg2 Rac8
21. Qd3 Qe6 22. b4 Bb6 23. Bf4 Qe2+ 24. Qxe2 Rxe2+ 25. Kh3 Rcc2 26. g4 Bc7 27.
Bxd6 Rxh2+ 0-1

[Event "3. Arber-Open 2014"]
[Site "Bayerisch Eisenstein"]
[Date "2014.08.22"]
[Round "7.26"]
[White "Flemming, Klaus"]
[Black "Fäth, Christian"]
[Result "0-1"]
[WhiteElo "1766"]
[BlackElo "1070"]
[PlyCount "50"]
[EventDate "2014.??.??"]
[WhiteTeam "vereinslos"]
[BlackTeam "SF Sailauf"]

1. d4 d5 2. Nf3 e6 3. e3 Nf6 4. Nbd2 Bd7 5. Bd3 c5 6. c3 Nc6 7. O-O Bd6 8. Re1
O-O 9. a3 Rc8 10. Qe2 e5 11. e4 exd4 12. exd5 Nxd5 13. Ne4 Re8 14. Qc2 Be7 15.
Neg5 g6 16. Bc4 Bf5 17. Qd1 Rc7 18. Ne4 a6 19. Bg5 Bxe4 20. Rxe4 b5 21. Bxe7
Rcxe7 22. Rxe7 Rxe7 23. Bf1 dxc3 24. bxc3 Nxc3 25. Qc2 Na4 0-1

[Event "3. Arber-Open 2014"]
[Site "Bayerisch Eisenstein"]
[Date "2014.08.22"]
[Round "7.27"]
[White "Rösch, David"]
[Black "Hubel, Hans-Martin"]
[Result "1-0"]
[WhiteElo "1337"]
[BlackElo "1795"]
[PlyCount "89"]
[EventDate "2014.??.??"]
[WhiteTeam "SC Bayerwald"]
[BlackTeam "SF Birkenfeld"]

1. e4 e5 2. Nf3 d6 3. d4 exd4 4. Nxd4 Nf6 5. Nc3 Be7 6. Bd3 O-O 7. O-O Bg4 8.
f3 Bd7 9. Be3 Nc6 10. Qd2 Ne5 11. Be2 a6 12. Nd5 Nxd5 13. exd5 Re8 14. Rae1 Bh4
15. Bf2 Bg5 16. f4 Bh6 17. Be3 Ng4 18. Bxg4 Bxg4 19. f5 Bxe3+ 20. Rxe3 Re5 21.
h3 Qg5 22. Rd3 Qxd2 23. Rxd2 Bh5 24. g4 Rxd5 25. gxh5 c5 26. Nb3 Rxd2 27. Nxd2
d5 28. Re1 Kf8 29. Nf3 Rd8 30. c3 Rd6 31. Kf2 Rh6 32. Re5 Rd6 33. Ke2 f6 34.
Re3 Rb6 35. b3 a5 36. Rd3 Rd6 37. Nd2 b5 38. Ne4 Rc6 39. Rxd5 a4 40. Rxc5 Rb6
41. b4 Ke7 42. Rc7+ Kf8 43. Kd3 a3 44. Kd4 Rb8 45. Nd6 1-0

[Event "3. Arber-Open 2014"]
[Site "Bayerisch Eisenstein"]
[Date "2014.08.22"]
[Round "7.28"]
[White "Bangert, Ruediger"]
[Black "Trinkl, Andreas"]
[Result "0-1"]
[WhiteElo "1626"]
[BlackElo "1817"]
[PlyCount "102"]
[EventDate "2014.??.??"]
[WhiteTeam "vereinslos"]
[BlackTeam "SV 1947 Walldorf"]

1. d4 d5 2. c4 e6 3. cxd5 exd5 4. e3 Nf6 5. Nc3 c6 6. Be2 Bd6 7. Nf3 O-O 8. O-O
Nbd7 9. a4 a5 10. Re1 Re8 11. Nh4 Nf8 12. Bd3 Ne4 13. Nf3 Bg4 14. h3 Bh5 15.
Be2 Nd7 16. Nxe4 dxe4 17. Nd2 Bg6 18. f4 exf3 19. Nxf3 Qe7 20. Bd3 Bg3 21. Rf1
Bxd3 22. Qxd3 Rad8 23. Qe2 Nb6 24. Ra3 Nd5 25. Ne1 Bd6 26. Rb3 f6 27. Rf3 Kh8
28. Kh1 Rd7 29. Qf2 Qe6 30. Rd3 Rde7 31. Nc2 Qf7 32. Rd1 Re4 33. Rf1 Bb8 34.
Bd2 Qc7 35. g3 b6 36. Kg2 Qe7 37. Re1 Bd6 38. Rf1 Kg8 39. Bc1 Qe6 40. Rh1 Qd7
41. Re1 Nc7 42. Rh1 Ne6 43. h4 Nd8 44. Rf5 Rg4 45. Rh3 Nf7 46. Rf3 c5 47. Rh1
Qc6 48. Kh3 Ree4 49. Rg1 Qd7 50. Kh2 Rxh4+ 51. Kg2 Qh3# 0-1

[Event "3. Arber-Open 2014"]
[Site "Bayerisch Eisenstein"]
[Date "2014.08.23"]
[Round "8.1"]
[White "Prusikin, Michael"]
[Black "Cap, Adam"]
[Result "1-0"]
[WhiteElo "2524"]
[BlackElo "2080"]
[PlyCount "95"]
[EventDate "2014.??.??"]
[WhiteTeam "TV Tegernsee"]
[BlackTeam "SK Kladno"]

1. d4 Nf6 2. g3 d5 3. Bg2 Bf5 4. c4 c6 5. Nc3 e6 6. Nf3 Nbd7 7. Qb3 Qb6 8. c5
Qxb3 9. axb3 Ne4 10. b4 Be7 11. O-O O-O 12. Rd1 h6 13. Ne1 Ndf6 14. Na4 Nd7 15.
f3 Nef6 16. Nc3 e5 17. e3 a6 18. Nd3 exd4 19. exd4 Bxd3 20. Rxd3 Rfe8 21. Bh3
Nf8 22. Bd2 N6d7 23. Kf2 Bf6 24. Ne2 Ne6 25. Bc3 Re7 26. Nc1 Nc7 27. Nb3 Nb5
28. Re1 Rxe1 29. Kxe1 Re8+ 30. Kd2 Nf8 31. Re3 Ne6 32. Kd3 Kf8 33. f4 g6 34. f5
Ng5 35. Rxe8+ Kxe8 36. Bg4 Kd8 37. fxg6 fxg6 38. Na5 Kc7 39. Bd2 Bxd4 40. Bf4+
Kd8 41. Nxb7+ Ke7 42. Na5 Bxb2 43. Nxc6+ Kf6 44. Bc8 Ne6 45. Bxh6 a5 46. Nxa5
Ba3 47. Nc6 Bxb4 48. Bxe6 1-0

[Event "3. Arber-Open 2014"]
[Site "Bayerisch Eisenstein"]
[Date "2014.08.23"]
[Round "8.2"]
[White "Jansa, Vlastimil"]
[Black "Kuba, Stanislav"]
[Result "1-0"]
[WhiteElo "2438"]
[BlackElo "2137"]
[PlyCount "67"]
[EventDate "2014.??.??"]
[WhiteTeam "SC Forchheim e.V."]
[BlackTeam "SC Furth im Wald"]

1. e4 g6 2. d4 Bg7 3. Nc3 d6 4. Be3 c6 5. Qd2 b5 6. Bd3 a6 7. Nf3 Bg4 8. a4 b4
9. Ne2 a5 10. O-O Bxf3 11. gxf3 Nf6 12. c3 bxc3 13. bxc3 O-O 14. Ng3 Nbd7 15.
f4 e5 16. Qe2 Re8 17. dxe5 dxe5 18. f5 Rb8 19. Bc4 Qe7 20. Kh1 Nc5 21. Rg1 Kh8
22. Bxc5 Qxc5 23. Bxf7 Re7 24. fxg6 Reb7 25. Qf3 Rb2 26. Rgf1 Rc2 27. c4 Rbb2
28. Rad1 hxg6 29. Bxg6 Rxf2 30. Rxf2 Rxf2 31. Rd8+ Bf8 32. Rxf8+ Kg7 33. Rf7+
Kh6 34. Nf5+ 1-0

[Event "3. Arber-Open 2014"]
[Site "Bayerisch Eisenstein"]
[Date "2014.08.23"]
[Round "8.3"]
[White "Miesbauer, Jan"]
[Black "Hausner, Ivan"]
[Result "1/2-1/2"]
[WhiteElo "2006"]
[BlackElo "2350"]
[PlyCount "89"]
[EventDate "2014.??.??"]
[WhiteTeam "SC Bayerwald Regen/Zwiesel e.V."]
[BlackTeam "SK 1908 Göggingen"]

1. e4 c5 2. Nf3 g6 3. d4 cxd4 4. Nxd4 Bg7 5. Nc3 Nc6 6. Be3 Nf6 7. Nb3 O-O 8.
Be2 d6 9. f4 e5 10. O-O exf4 11. Bxf4 Ne5 12. Kh1 Be6 13. Nd4 Qb6 14. Na4 Qa5
15. Nxe6 fxe6 16. Qxd6 Nf7 17. Qa3 b5 18. Nc5 Qxa3 19. bxa3 Nh5 20. Bxh5 Bxa1
21. Nxe6 Rfe8 22. Nc7 Rxe4 23. Nxa8 gxh5 24. Nc7 Be5 25. Bxe5 Rxe5 26. Rb1 Nd6
27. Rd1 Nc4 28. Rd8+ Kf7 29. Rd7+ Kg6 30. h4 Nxa3 31. Nd5 Nxc2 32. Nf4+ Kf5 33.
Nxh5 a5 34. Kh2 Ne3 35. Kh3 h6 36. Rd6 Rc5 37. Rxh6 Rc2 38. Rb6 Rb2 39. a4 b4
40. g4+ Nxg4 41. Rb5+ Ne5 42. Rxa5 Rb3+ 43. Kg2 Ra3 44. Ng3+ Kf4 45. Ne2+
1/2-1/2

[Event "3. Arber-Open 2014"]
[Site "Bayerisch Eisenstein"]
[Date "2014.08.23"]
[Round "8.4"]
[White "Höfelsauer, Thomas"]
[Black "Möhn, Hans"]
[Result "1-0"]
[WhiteElo "2257"]
[BlackElo "2226"]
[PlyCount "103"]
[EventDate "2014.??.??"]
[WhiteTeam "SK München SO"]
[BlackTeam "USV TU Dresden"]

1. c4 e6 2. Nc3 Bb4 3. g3 Bxc3 4. bxc3 d6 5. Bg2 Ne7 6. e4 Nbc6 7. Ne2 O-O 8.
O-O b6 9. f4 Qe8 10. Nd4 Nxd4 11. cxd4 Bb7 12. d5 exd5 13. cxd5 f5 14. d3 c6
15. dxc6 Bxc6 16. Qb3+ Kh8 17. Bb2 Qd7 18. Qc3 Rf7 19. Rac1 Rc8 20. Qd4 Rd8 21.
Rfe1 Kg8 22. e5 dxe5 23. Qxd7 Bxd7 24. Rxe5 Ng6 25. Rd5 Re8 26. Rd6 Nf8 27. Ba3
Be6 28. Re1 Rd7 29. Rexe6 Rxe6 30. Bd5 Rdxd6 31. Bxd6 Kh8 32. Bxf8 Re2 33. Bd6
Rd2 34. Bc4 b5 35. Bxb5 Rxa2 36. Bc4 Rc2 37. Bb4 h6 38. Kf1 Rxh2 39. Ke1 Rb2
40. Bd2 Kh7 41. d4 g5 42. fxg5 hxg5 43. d5 Kg6 44. d6 Rb7 45. Ba6 Rd7 46. Bb4
Kf6 47. Bb5 Rd8 48. d7 f4 49. gxf4 gxf4 50. Ba5 Rxd7 51. Bxd7 Ke7 52. Ba4 1-0

[Event "3. Arber-Open 2014"]
[Site "Bayerisch Eisenstein"]
[Date "2014.08.23"]
[Round "8.5"]
[White "Kolb, Wolfgang"]
[Black "Schleich, Theodor"]
[Result "1/2-1/2"]
[WhiteElo "2064"]
[BlackElo "2035"]
[PlyCount "49"]
[EventDate "2014.??.??"]
[WhiteTeam "SK Königsbrunn"]
[BlackTeam "SK Siemens München"]

1. c4 b6 2. Nf3 Bb7 3. Nc3 e6 4. g3 Bb4 5. Bg2 Nf6 6. Qc2 O-O 7. O-O Bxc3 8.
Qxc3 c5 9. d4 Nc6 10. dxc5 bxc5 11. Bf4 Qb6 12. Qa3 Nb4 13. Qb3 d5 14. Ne5 a5
15. Rac1 a4 16. Qd1 Nxa2 17. Ra1 Qb3 18. Qb1 Nb4 19. Rc1 a3 20. Rxa3 Rxa3 21.
bxa3 Qxa3 22. cxd5 Bxd5 23. Rxc5 Ra8 24. Qc1 Qxc1+ 25. Rxc1 1/2-1/2

[Event "3. Arber-Open 2014"]
[Site "Bayerisch Eisenstein"]
[Date "2014.08.23"]
[Round "8.7"]
[White "Waddington, Mike P"]
[Black "Meertens, Martin"]
[Result "1/2-1/2"]
[WhiteElo "2085"]
[BlackElo "2168"]
[PlyCount "58"]
[EventDate "2014.??.??"]
[WhiteTeam "Dorchester"]
[BlackTeam "Klub Kölner SF e.V. 1"]

1. Nc3 c5 2. e4 Nc6 3. f4 e6 4. Nf3 d5 5. d3 Nge7 6. g3 g6 7. Bg2 Bg7 8. O-O
O-O 9. Qe1 Nd4 10. Rf2 Bd7 11. Nd1 Bc6 12. c3 Nxf3+ 13. Bxf3 b5 14. e5 d4 15.
Bxc6 Nxc6 16. Qe4 Qd7 17. Re2 a5 18. Nf2 a4 19. a3 Rfd8 20. Bd2 Rac8 21. Rd1 h5
22. Be1 Ne7 23. cxd4 cxd4 24. Ba5 Re8 25. Qf3 Rc6 26. Ne4 Nf5 27. Bb4 Rec8 28.
h3 Rc2 29. Rde1 Rxe2 1/2-1/2

[Event "3. Arber-Open 2014"]
[Site "Bayerisch Eisenstein"]
[Date "2014.08.23"]
[Round "8.8"]
[White "Grabmeier, Johannes"]
[Black "Kottmair, Toni"]
[Result "0-1"]
[WhiteElo "1914"]
[BlackElo "2259"]
[PlyCount "56"]
[EventDate "2014.??.??"]
[WhiteTeam "SV Deggendorf"]
[BlackTeam "SK Königsbrunn"]

1. b3 e5 2. Bb2 Nc6 3. e3 Nf6 4. Bb5 Bd6 5. Na3 a6 6. Be2 Be7 7. d3 O-O 8. c4
Bb4+ 9. Kf1 Re8 10. Nc2 Bf8 11. g4 h6 12. h4 Nh7 13. f4 exf4 14. exf4 d5 15.
cxd5 Qxd5 16. Bf3 Qd6 17. Nh3 h5 18. Ba3 Qd8 19. Bxf8 Nxf8 20. g5 Bf5 21. Kf2
Qd7 22. Kg3 Nd4 23. Nxd4 Qxd4 24. Nf2 Re3 25. Re1 Rae8 26. Rxe3 Rxe3 27. Rc1 b5
28. Ne4 Rxd3 0-1

[Event "3. Arber-Open 2014"]
[Site "Bayerisch Eisenstein"]
[Date "2014.08.23"]
[Round "8.9"]
[White "Pliev, Vladimir"]
[Black "Bader, Gerd"]
[Result "0-1"]
[WhiteElo "2011"]
[BlackElo "2011"]
[PlyCount "116"]
[EventDate "2014.??.??"]
[BlackTeam "SG Schwäbisch Gmünd 1872 e.V"]

1. d4 d6 2. c4 e5 3. dxe5 dxe5 4. Qxd8+ Kxd8 5. Nf3 f6 6. Nc3 c6 7. e4 Be6 8.
Be3 Na6 9. O-O-O+ Kc7 10. a3 Bc5 11. Bxc5 Nxc5 12. b4 Nd7 13. Be2 Nh6 14. h3 a5
15. Kb2 axb4 16. axb4 Nb6 17. Nd2 Na4+ 18. Kb3 Nxc3 19. Kxc3 Ra2 20. Ra1 Rha8
21. Rxa2 Rxa2 22. Rd1 Nf7 23. Kb3 Ra8 24. Bg4 Bxg4 25. hxg4 Ng5 26. Rh1 h6 27.
g3 Rd8 28. Kc3 Ra8 29. Kb3 Ne6 30. Nf3 Rd8 31. Kc3 Ra8 32. Kb3 Rd8 33. Kc3 b6
34. Ra1 Kb7 35. Re1 Ra8 36. Kb3 Rd8 37. Kc3 Ra8 38. Kb3 c5 39. Rd1 cxb4 40.
Kxb4 Kc6 41. Rd5 Ra2 42. Nd2 Nd4 43. Kc3 Ra3+ 44. Kb2 Rd3 45. Kc1 Rc3+ 46. Kb1
Rd3 47. Kc1 Nb3+ 48. Nxb3 Rxb3 49. Kd2 Rf3 50. Ke2 Rc3 51. Rd8 Rxc4 52. Rc8+
Kb5 53. Rg8 Rc7 54. f4 Kc4 55. Ke3 b5 56. Rd8 b4 57. Rd1 Kb3 58. Rb1+ Ka3 0-1

[Event "3. Arber-Open 2014"]
[Site "Bayerisch Eisenstein"]
[Date "2014.08.23"]
[Round "8.10"]
[White "Zepke, Armin"]
[Black "Johanssen, Torsten"]
[Result "1-0"]
[WhiteElo "2105"]
[BlackElo "1915"]
[PlyCount "33"]
[EventDate "2014.??.??"]
[WhiteTeam "SC Bayerwald"]
[BlackTeam "vereinslos"]

1. e4 Nf6 2. Nc3 e5 3. Nf3 Bb4 4. Nxe5 O-O 5. Bd3 Re8 6. Nf3 Bxc3 7. dxc3 Nxe4
8. O-O d5 9. Re1 Bd7 10. Bf4 Nc6 11. c4 Be6 12. cxd5 Bxd5 13. c4 Nxf2 14. Rxe8+
Qxe8 15. Kxf2 Bxf3 16. Qxf3 Rd8 17. Qe4 1-0

[Event "3. Arber-Open 2014"]
[Site "Bayerisch Eisenstein"]
[Date "2014.08.23"]
[Round "8.11"]
[White "Pingitzer, Guenther"]
[Black "Strasil, Pavel"]
[Result "1-0"]
[WhiteElo "1880"]
[BlackElo "2132"]
[PlyCount "99"]
[EventDate "2014.??.??"]
[WhiteTeam "_Österrreich_"]

1. d4 Nf6 2. c4 g6 3. Nc3 Bg7 4. g3 d6 5. Bg2 Nbd7 6. Nf3 c5 7. O-O cxd4 8.
Nxd4 O-O 9. h3 Ne5 10. Qb3 Nfd7 11. Nd5 Nc5 12. Qc2 Bd7 13. Be3 Nc6 14. Nxc6
bxc6 15. Nc3 Ne6 16. Rfd1 Qc7 17. Rac1 Rab8 18. b3 c5 19. Qd2 Bc6 20. Nd5 Bxd5
21. cxd5 Nd8 22. Bd4 Bxd4 23. Qxd4 Qd7 24. Qh4 f6 25. Qe4 Nf7 26. f4 Rb4 27.
Qe6 Qxe6 28. dxe6 Nd8 29. Bd5 f5 30. a3 Rb6 31. Rd3 Nb7 32. Rc4 Rb8 33. Ra4 a6
34. Kf2 Kg7 35. g4 fxg4 36. hxg4 h6 37. Rf3 Kf6 38. Re4 Na5 39. g5+ Kg7 40.
gxh6+ Kxh6 41. f5 gxf5 42. Rxf5 Nxb3 43. Rf7 Re8 44. Rg4 Rbb8 45. Be4 Rh8 46.
Rg6+ Kh5 47. Rfg7 Nd2 48. Bf5 Rbg8 49. Rg5+ Kh4 50. Ke1 1-0

[Event "3. Arber-Open 2014"]
[Site "Bayerisch Eisenstein"]
[Date "2014.08.23"]
[Round "8.12"]
[White "Schumacher, Ralph"]
[Black "Ptacnik, Stanislav"]
[Result "0-1"]
[WhiteElo "1606"]
[BlackElo "2091"]
[PlyCount "68"]
[EventDate "2014.??.??"]
[WhiteTeam "SFB Steinsfurt"]

1. d4 Nf6 2. Bf4 c5 3. c3 Qb6 4. Qc2 Nc6 5. e3 d5 6. Nf3 Bf5 7. Qb3 Qxb3 8.
axb3 cxd4 9. exd4 g6 10. Bb5 Bd7 11. Nbd2 Bg7 12. Bd3 Nh5 13. Be3 f5 14. g3 f4
15. gxf4 O-O 16. f5 gxf5 17. Bg5 h6 18. Bh4 e5 19. dxe5 Nf4 20. Bb5 Ng2+ 21.
Kd1 Nxh4 22. Nxh4 Bxe5 23. Rg1+ Kh7 24. Ndf3 Bf6 25. Bd3 Ne5 26. Nxe5 Bxe5 27.
Kc2 a6 28. Rae1 Bd6 29. Rg6 Bc5 30. b4 Be8 31. Rge6 Bxf2 32. Re7+ Kh8 33. Bxf5
Bxe1 34. Rxe1 Rxf5 0-1

[Event "3. Arber-Open 2014"]
[Site "Bayerisch Eisenstein"]
[Date "2014.08.23"]
[Round "8.13"]
[White "Zellner, Richard"]
[Black "Moutaqi, Sandra"]
[Result "1/2-1/2"]
[WhiteElo "2143"]
[BlackElo "2069"]
[PlyCount "21"]
[EventDate "2014.??.??"]
[WhiteTeam "SG Schw München N"]
[BlackTeam "PSV Ludwigslust"]

1. e4 c5 2. Nf3 Nc6 3. d3 d6 4. g3 g6 5. Bg2 Bg7 6. O-O Nf6 7. Nbd2 O-O 8. a4
Qc7 9. Nc4 b6 10. Re1 e5 11. c3 1/2-1/2

[Event "3. Arber-Open 2014"]
[Site "Bayerisch Eisenstein"]
[Date "2014.08.23"]
[Round "8.14"]
[White "Leeb, Jonas"]
[Black "Gschwendtner, Stanislav"]
[Result "1/2-1/2"]
[WhiteElo "1897"]
[BlackElo "1987"]
[PlyCount "20"]
[EventDate "2014.??.??"]
[WhiteTeam "SK München SO"]
[BlackTeam "SC Bayerwald"]

1. c4 c5 2. g3 g6 3. Bg2 Bg7 4. Nc3 Nc6 5. Nf3 e6 6. e3 Nge7 7. O-O O-O 8. d4
cxd4 9. Nxd4 Nxd4 10. exd4 d5 1/2-1/2

[Event "3. Arber-Open 2014"]
[Site "Bayerisch Eisenstein"]
[Date "2014.08.23"]
[Round "8.15"]
[White "Desoye, Gernot"]
[Black "Jenisch, Achim"]
[Result "1/2-1/2"]
[WhiteElo "1941"]
[BlackElo "1830"]
[PlyCount "26"]
[EventDate "2014.??.??"]
[WhiteTeam "SF Graz"]
[BlackTeam "SF Botv. Steinsfurt"]

1. d4 e6 2. c4 d5 3. Nc3 c5 4. cxd5 exd5 5. Nf3 Nc6 6. Bg5 Be7 7. Bxe7 Ngxe7 8.
e3 cxd4 9. Nxd4 O-O 10. Bb5 a6 11. Ba4 Qb6 12. Qb3 Qxb3 13. Bxb3 Nxd4 1/2-1/2

[Event "3. Arber-Open 2014"]
[Site "Bayerisch Eisenstein"]
[Date "2014.08.23"]
[Round "8.16"]
[White "Reuter, Roland"]
[Black "Gil, Arthur"]
[Result "0-1"]
[WhiteElo "2007"]
[BlackElo "2032"]
[PlyCount "44"]
[EventDate "2014.??.??"]
[WhiteTeam "SK Schwabach 1907 e.V."]
[BlackTeam "SU Ebersberg-Grafing"]

1. e4 c5 2. Nf3 Nc6 3. d4 cxd4 4. Nxd4 Nf6 5. Nc3 e5 6. Nf3 Bb4 7. Bd3 d5 8.
exd5 Bxc3+ 9. bxc3 Qxd5 10. c4 Qa5+ 11. Bd2 Qc7 12. Bc3 Bg4 13. h3 Bh5 14. O-O
O-O-O 15. Bf5+ Kb8 16. Qe1 Bxf3 17. gxf3 Nd4 18. Qe3 Nxf5 19. Qg5 Nd4 20. Kh1
Nxf3 21. Qxg7 Qc6 22. Rfd1 Rdg8 0-1

[Event "3. Arber-Open 2014"]
[Site "Bayerisch Eisenstein"]
[Date "2014.08.23"]
[Round "8.17"]
[White "Völz, Stephan"]
[Black "Grod, Andreas"]
[Result "1/2-1/2"]
[WhiteElo "1946"]
[BlackElo "2018"]
[PlyCount "29"]
[EventDate "2014.??.??"]
[WhiteTeam "Muldental Wilkau-Haßlau"]
[BlackTeam "SF Sailauf"]

1. d4 d5 2. Nf3 Nf6 3. Bf4 e6 4. e3 c5 5. c3 Nc6 6. Bd3 Be7 7. Nbd2 a6 8. a4 b6
9. Ne5 Bb7 10. O-O O-O 11. Re1 Nd7 12. Ndf3 Ndxe5 13. Nxe5 Nxe5 14. Bxe5 f5 15.
f4 1/2-1/2

[Event "3. Arber-Open 2014"]
[Site "Bayerisch Eisenstein"]
[Date "2014.08.23"]
[Round "8.18"]
[White "Strangmueller, Andreas"]
[Black "Fernandez-Alvarez, Raul"]
[Result "1-0"]
[WhiteElo "2005"]
[BlackElo "1723"]
[PlyCount "55"]
[EventDate "2014.??.??"]
[WhiteTeam "SK Landshut"]
[BlackTeam "SG Schw München Nord e.V."]

1. d4 d5 2. c4 e6 3. Nc3 Nf6 4. cxd5 exd5 5. Bg5 Be7 6. e3 c6 7. Bd3 O-O 8. Qc2
h6 9. Bf4 Bd6 10. Nge2 Be6 11. O-O Qc7 12. f3 a6 13. Bxd6 Qxd6 14. e4 dxe4 15.
fxe4 Qe7 16. Nf4 Nbd7 17. d5 Qc5+ 18. Kh1 cxd5 19. exd5 Nxd5 20. Nfxd5 Bxd5 21.
Rf5 Bxg2+ 22. Qxg2 Qe3 23. Rf3 Qd4 24. Rg1 g5 25. Rh3 Kg7 26. Rxh6 f6 27. Rh7+
Kg8 28. Qxg5+ 1-0